000
00274 a2200145 4500
001
62162
020
_a
040
_c
Anchieta - Pituba
240
1
0
_a
Biblia Sagrada
_l
por
245
1
0
_a
Biblia Sagrada
300
_a
362
0
_a
1983
650
4
_a
BĂblia
942
_c
BK
999
_c
62162
_d
62162